000 01344cam a22003617a 4500
999 _c16870
_d16870
001 13443981
003 EG-ScBUE
005 20210301104327.0
008 031224r20031898enk f 000 d eng d
020 _a0140437940
020 _a9780140437942
040 _aNIC
_beng
_erda
_cNIC
_dDLC
_dEG-ScBUE
082 0 4 _a822.912
_bSHA
_222
100 1 _aShaw, Bernard,
_d1856-1950,
_eauthor.
_930595
245 1 0 _aPlays pleasant /
_cBernard Shaw ; definitive text under the editorial supervision of Dan H. Laurence ; with an introduction by W. J. Mccormack.
250 _aReprinted with a chronology and a new introduction, and with minor revisions.
264 1 _aLondon :
_bPenguin Books,
_c2003.
300 _axiv, 320 pages ;
_c20 cm.
336 _2rdacontent
_atext
_btxt
337 _2rdamedia
_aunmediated
_bn
338 _2rdacarrier
_avolume
_bnc
490 0 _aPenguin classics
500 _aOriginally published: 1898.
505 0 _aArms and the man -- Candida -- The man of destiny -- You never can tell.
650 7 _924969
_aEnglish drama.
_2BUEsh
651 _2BUEsh
653 _cJuly2012
_bHHUUEENN
655 _vReading book
_934232
700 1 _aLaurence, Dan H.,
_eeditor.
700 1 _aMcCormack, W. J.,
_ewriter of introduction.
_937571
942 _2ddc
_cBB